| 000 | 00430nam a22001457a 4500 | ||
|---|---|---|---|
| 003 | OSt | ||
| 005 | 20260324142827.0 | ||
| 008 | 211118b ||||| |||| 00| 0 eng d | ||
| 040 | _cAIMIT LIBRARY | ||
| 100 |
_aK V, Shravan; C G, Thomas. _d191834 _910587 |
||
| 245 | _aMABER / | ||
| 260 |
_aSerpro Consulting Pvt Ltd. NITK Surathkal, Mangalore. _bThomas C G. _c2021 |
||
| 856 | _uhttps://www.serproconsulting.com | ||
| 942 |
_2ddc _cPRO |
||
| 999 |
_c220662 _d220662 |
||